Online Catalogue and eLibrary

Intimate violence in families / (Record no. 333)

MARC details
000 -LEADER
fixed length control field 00862cam a2200253 a 4500
001 - CONTROL NUMBER
control field 3314579
005 - DATE AND TIME OF LATEST TRANSACTION
control field 20240208022634.0
008 - FIXED-LENGTH DATA ELEMENTS--GENERAL INFORMATION
fixed length control field 840829s1985 caua b 001 0 eng
020 ## - INTERNATIONAL STANDARD BOOK NUMBER
ISBN 0803922329
020 ## - INTERNATIONAL STANDARD BOOK NUMBER
ISBN 0803922337 (pbk.)
040 ## - CATALOGING SOURCE (பட்டியலாக்க மூலம்)
Original cataloging agency DLC
Transcribing agency DLC
Modifying agency DLC
082 00 - DDC Classification
Class No. 306.8
DDC Edition Number 19
Item Number - Author Mark RIC.
100 1# - MAIN ENTRY--PERSONAL NAME
Personal name Gelles, Richard J.
245 10 - TITLE STATEMENT
Title Intimate violence in families /
Statement of responsibility, etc. Richard J. Gelles and Claire Pedrick Cornell.
260 ## - PUBLICATION, DISTRIBUTION, ETC.
Place of publication, distribution, etc. Beverly Hills, Calif. :
Name of publisher, distributor, etc. Sage Publications,
Date of publication, distribution, etc. 1985.
300 ## - PHYSICAL DESCRIPTION
Extent (e.g. Volumes, Pages etc.) 160 p. :
500 ## - GENERAL NOTE
General note Includes indexes.
650 #0 - SUBJECT ADDED ENTRY--TOPICAL TERM
Topical term or geographic name entry element Family violence
700 1# - ADDED ENTRY--PERSONAL NAME
Personal name Cornell, Claire Pedrick.
Relator term (Role) Editor
856 42 - ELECTRONIC LOCATION AND ACCESS
Uniform Resource Identifier <a href="http://www.loc.gov/catdir/enhancements/fy0658/84018066-d.html">http://www.loc.gov/catdir/enhancements/fy0658/84018066-d.html</a>
856 41 - ELECTRONIC LOCATION AND ACCESS
Uniform Resource Identifier <a href="http://www.loc.gov/catdir/enhancements/fy0658/84018066-t.html">http://www.loc.gov/catdir/enhancements/fy0658/84018066-t.html</a>
856 42 - ELECTRONIC LOCATION AND ACCESS
Uniform Resource Identifier <a href="http://www.loc.gov/catdir/enhancements/fy0739/84018066-b.html">http://www.loc.gov/catdir/enhancements/fy0739/84018066-b.html</a>
942 ## - Koha item type (Biblio)
Koha item type Books in Stacks (Lending)
Holdings
Lost status Damaged status Collection code Home library Current library Date acquired Full call number Accession Number Item type
    Lending WERC Library WERC Library 02/08/2024 306.8 RIC. 3541 Books in Stacks (Lending)

© WERC Library